00246nam a2200097Ia 4500001000800000005001700008008004100025020001800066245004100084260002300125126412520260417141933.0260417s9999 xx 000 0 und d a9789756446348 0aMakyaj Yapan ÖlülercA. Ali Ural bŞule Yayınları